书目信息 |
| 题名: |
有种你丫别跑
|
|
| 作者: | 宁财神蓍 | |
| 分册: | ||
| 出版信息: | 北京 知识出版社 2001.01 |
|
| 页数: | 324页 | |
| 开本: | 20cm | |
| 丛书名: | 榕树下网络文学书系 | |
| 单 册: | ||
| 中图分类: | I247.5 | |
| 科图分类: | ||
| 主题词: | 长篇小说--chang pian xiao shuo--中国--现代 | |
| 电子资源: | ||
| ISBN: | 7-5015-2789-X | |
| 000 | 00873nam 2200253 450 | |
| 001 | 012008400703 | |
| 005 | 20080425171434.17 | |
| 010 | @a7-5015-2789-X@dCNY18.80 | |
| 100 | @a20080422d2001 km y0chiy0120 ea | |
| 101 | 0 | @achi |
| 102 | @aCN@b110000 | |
| 105 | @ay z 000ay | |
| 106 | @ar | |
| 200 | 1 | @a有种你丫别跑@Aji le shi jie de xia shui dao@f宁财神蓍 |
| 210 | @a北京@c知识出版社@d2001.01 | |
| 215 | @a324页@d20cm | |
| 225 | 2 | @a榕树下网络文学书系@Arong shu xia wang luo wen xue shu xi |
| 330 | @a本书的主要内容包括:告诉你岁月与阳光,从相识的那一天开始,它们就逼进你的生命。告诉你,岁月被歌声清洗,生崖阳光照亮;等内容。 | |
| 410 | 0 | @12001 @a榕树下网络文学书系 |
| 606 | 0 | @a长篇小说@Achang pian xiao shuo@y中国@z现代 |
| 690 | @aI247.5@v4 | |
| 701 | 0 | @a宁财神蓍@Aning cai shen shi |
| 801 | 0 | @aCN@bHYXY@c20080425 |
| 905 | @b20701042-44@dI247.5@eNC18@f3 | |
| 有种你丫别跑/宁财神蓍.-北京:知识出版社,2001.01 |
| 324页;20cm.-(榕树下网络文学书系) |
| ISBN 7-5015-2789-X:CNY18.80 |
| 本书的主要内容包括:告诉你岁月与阳光,从相识的那一天开始,它们就逼进你的生命。告诉你,岁月被歌声清洗,生崖阳光照亮;等内容。 |
| ● |
| 相关链接 |
|
|
|
正题名:有种你丫别跑
索取号:I247.5/NC18
 
预约/预借
| 序号 | 登录号 | 条形码 | 馆藏地/架位号 | 状态 | 备注 |
| 1 | 701042 | 207010429 | 文学库108/108文学库 35排1列4层/ [索取号:I247.5/NC18] | 在馆 | |
| 2 | 701043 | 207010438 | 文学库108/108文学库 35排1列4层/ [索取号:I247.5/NC18] | 在馆 | |
| 3 | 701044 | 207010447 | 文学库108/108文学库 35排1列4层/ [索取号:I247.5/NC18] | 在馆 |